000 00576nam a2200193Ia 4500
003 OSt
005 20230403112636.0
008 210423s1958 xx 000 0 und d
040 _cAL
041 _aeng
082 _a842.912
_223
_bCAMC
100 _aCAMUS (Albert);GILBERT (Stuart)
_982486
245 _aCaligula and three other plays
260 _aNew York
_bVintage Books
_c1958
300 _a302
_bPB
650 _aFrench Literature
_982487
906 _aCaligula ; other ; plays ; state of siege ; the just assassins ; the misunderstanding ; three
942 _2ddc
_cBK
999 _c169080
_d169080